| 000 | 00348nam a2200133Ia 4500 | ||
|---|---|---|---|
| 008 | 240624s9999 xx 000 0 und d | ||
| 041 | _aeng | ||
| 082 | _a658.3 RED | ||
| 100 | _aREDDY SUMATI | ||
| 245 | _aICFAI UNIVERSITY PRESS ON PATHS TO PERSO | ||
| 260 |
_c2006 _aHyderabad _bICFAI press |
||
| 300 | _axiii, : 219 : p. : cm. ; 23 | ||
| 365 |
_c _b50 |
||
| 999 |
_c6549 _d6549 |
||